| 000 | 00979nam a2200253 a 4500 | ||
|---|---|---|---|
| 003 | MX-MxUPN | ||
| 005 | 20250114153943.0 | ||
| 008 | 991125s1897 mx jr 000 0 spa d | ||
| 035 | _aUPN01000041541 | ||
| 040 |
_aMX-MxUPN _bspa _cMX-MxUPN |
||
| 041 |
_aspa _afre _heng |
||
| 050 | 1 | 4 |
_aPC2111 _bM35 |
| 100 | 1 |
_aMantilla, Luis Felipe, _d1833-1877 _929116 |
|
| 245 | 1 | 0 |
_aNociones de lengua francesa para las escuelas : _bsegún el texto inglés de Choquet, arreglado para las escuelas hispano-americanas |
| 250 | _aPrimera edición mexicana | ||
| 260 |
_aMéxico : _bLibrería de educación de Gallegos, Hnos., _c1897. |
||
| 300 | _a228 páginas | ||
| 650 | 4 |
_aFrancés _xEstudio y enseñanza _913059 |
|
| 650 | 4 |
_aFrancés _952315 _vLibros de texto |
|
| 775 | 0 | _tNociones de lengua francesa para las escuelas : según el texto inglés de Choquet, arreglado para las escuelas hispano-americanas | |
| 902 | _bMaríaRobles/110624 | ||
| 905 | _aLibro | ||
| 942 |
_2lcc _cLIBRO _n0 |
||
| 999 |
_c41541 _d41541 |
||